[Event "Reykjavik op"]
[Site "Reykjavik"]
[Date "2023.04.04"]
[Round "9"]
[White "Jacobsen, Mikkel Manosri"]
[Black "Mehlhorn, David"]
[Result "1-0"]
[WhiteElo "2283"]
[BlackElo "2004"]
[PlyCount "47"]
[EventDate "2023.03.29"]
[EventType "swiss"]
[EventRounds "9"]
[EventCountry "ISL"]
[SourceTitle "EXT 2024"]
[Source "ChessBase"]
[SourceDate "2023.10.10"]
[SourceVersion "1"]
[SourceVersionDate "2023.10.10"]
[SourceQuality "1"]

1. d4 d5 2. Nf3 Nf6 3. Bf4 c5 4. e3 Nc6 5. Nbd2 Qb6 6. dxc5 Qxb2 7. Rb1 Qc3 8. Bb5 g6 9. e4 dxe4 10. Be5 Qa5 11. 0-0 Bg7 12. Nd4 Bd7 13. Nc4 Qd8 14. Nxc6 Bxc6 15. Bxc6+ bxc6 16. Rb7 0-0 17. Qxd8 Rfxd8 18. Rxe7 Nd7 19. Bc7 Nxc5 20. Bxd8 Rxd8 21. Rxa7 Rd4 22. Ne3 f5 23. Rd1 f4 24. Rxg7+ 1-0

[Event "Reykjavik op"]
[Site "Reykjavik"]
[Date "2023.04.03"]
[Round "8"]
[White "Mehlhorn, David"]
[Black "Pedersen, Sondre Andre"]
[Result "1-0"]
[WhiteElo "2004"]
[BlackElo "1674"]
[PlyCount "71"]
[EventDate "2023.03.29"]
[EventType "swiss"]
[EventRounds "9"]
[EventCountry "ISL"]
[SourceTitle "EXT 2024"]
[Source "ChessBase"]
[SourceDate "2023.10.10"]
[SourceVersion "1"]
[SourceVersionDate "2023.10.10"]
[SourceQuality "1"]

1. e4 c5 2. Be2 Nc6 3. f4 d5 4. d3 g6 5. Nf3 Nf6 6. e5 Nh5 7. 0-0 Bh6 8. Ne1 Ng7 9. c3 f6 10. g4 Ne6 11. f5 Bxc1 12. Qxc1 gxf5 13. gxf5 Rg8+ 14. Kh1 Ng7 15. e6 Qd6 16. Qh6 b6 17. Qxh7 Bxe6 18. fxe6 0-0-0 19. Nf3 Ne5 20. d4 Nxf3 21. Rxf3 Rh8 22. Ba6+ Kb8 23. Qc2 Nxe6 24. Na3 cxd4 25. Nb5 Qe5 26. cxd4 Nxd4 27. Nxd4 Qxd4 28. Rc1 Qe5 29. Rc3 Qe6 30. Re3 Qd6 31. Rc3 Qe6 32. Rc6 Qd7 33. Rc7 Qh3 34. Rb7+ Ka8 35. Rb8+ Kxb8 36. Qc7+ 1-0

[Event "GER-chT Christmas U20"]
[Site "Playchess.com INT"]
[Date "2020.12.29"]
[Round "6.1"]
[White "Schoen, Florian"]
[Black "Mehlhorn, David"]
[Result "1/2-1/2"]
[WhiteElo "1642"]
[BlackElo "1511"]
[PlyCount "66"]
[EventDate "2020.12.29"]
[EventType "team-swiss (blitz)"]
[EventRounds "7"]
[EventCountry "GER"]
[SourceTitle "CBM 200 Extra"]
[Source "ChessBase"]
[SourceDate "2021.03.31"]
[SourceVersion "1"]
[SourceVersionDate "2021.03.31"]
[SourceQuality "1"]
[WhiteTeam "Leipzig VfB"]
[BlackTeam "Aschheim/Feldkirchen/Kirchheim"]
[WhiteTeamCountry "GER"]
[BlackTeamCountry "GER"]

1. e4 c5 2. Nc3 Nc6 3. f4 g6 4. Nf3 Bg7 5. Bb5 e6 6. Bxc6 bxc6 7. d3 Ne7 8. 0-0 d5 9. Na4 Qa5 10. c4 Ba6 11. Bd2 Qc7 12. Nxc5 Qb6 13. d4 Bxc4 14. Re1 Bxd4+ 15. Nxd4 Qxc5 16. Be3 Qd6 17. e5 Qc7 18. b3 c5 19. bxc4 cxd4 20. Qxd4 Nf5 21. Qc5 Rc8 22. Qxc7 Rxc7 23. cxd5 Nxe3 24. Rxe3 exd5 25. Rd3 Rc4 26. g3 0-0 27. Rxd5 Rfc8 28. Rad1 Rc2 29. Rd8+ Rxd8 30. Rxd8+ Kg7 31. a4 Rc4 32. a5 Rc5 33. a6 Rc6 1/2-1/2

[Event "GER-chT Christmas U16 Steinitz"]
[Site "Playchess.com INT"]
[Date "2020.12.28"]
[Round "6.1"]
[White "Mehlhorn, David"]
[Black "Burgtorf, Benjamin"]
[Result "1/2-1/2"]
[WhiteElo "1557"]
[BlackElo "1773"]
[PlyCount "158"]
[EventDate "2020.12.28"]
[EventType "team-swiss (blitz)"]
[EventRounds "7"]
[EventCountry "GER"]
[SourceTitle "CBM 200 Extra"]
[Source "ChessBase"]
[SourceDate "2021.03.31"]
[SourceVersion "1"]
[SourceVersionDate "2021.03.31"]
[SourceQuality "1"]
[WhiteTeam "Aschheim/Feldkirchen/Kirchheim"]
[BlackTeam "Blankenese"]
[WhiteTeamCountry "GER"]
[BlackTeamCountry "GER"]

1. e4 c6 2. d4 d5 3. exd5 cxd5 4. Nf3 Nc6 5. c4 Nf6 6. Nc3 Bg4 7. cxd5 Nxd5 8. Bc4 Nb6 9. Bxf7+ Kxf7 10. Ng5+ Kg6 11. Qxg4 Qxd4 12. Qe6+ Qf6 13. Qe4+ Qf5 14. Qxf5+ Kxf5 15. 0-0 e5 16. f4 Bc5+ 17. Kh1 exf4 18. Rxf4+ Kxg5 19. Ne4+ Kg6 20. Nxc5 Rad8 21. Be3 Rhe8 22. Bg1 Nd5 23. Rg4+ Kf7 24. Nxb7 Rd7 25. Nc5 Rde7 26. Nd3 h5 27. Rc4 Ne5 28. Nxe5+ Rxe5 29. h3 R8e7 30. Rf1+ Kg6 31. Rc2 Ne3 32. Bxe3 Rxe3 33. a3 h4 34. Rf4 Kh5 35. Rc5+ g5 36. Rf2 Rb3 37. Rcf5 Reb7 38. Rf7 Rxb2 39. Rxb2 Rxb2 40. Rxa7 Ra2 41. Ra6 Ra1+ 42. Kh2 Ra2 43. a4 g4 44. hxg4+ Kxg4 45. Ra8 h3 46. Rg8+ Kh5 47. Kxh3 Rxa4 48. g4+ Kh6 49. Kh4 Ra1 50. Rb8 Kg7 51. Kg5 Ra7 52. Rb5 Rc7 53. Kh5 Ra7 54. g5 Rc7 55. Rf5 Ra7 56. Rf6 Rc7 57. Rg6+ Kh7 58. Rh6+ Kg7 59. Kg4 Rc4+ 60. Kf3 Rc5 61. Kf4 Rc4+ 62. Kg3 Rc5 63. Kg4 Rc4+ 64. Kh5 Rc1 65. Ra6 Rc7 66. Kg4 Rc4+ 67. Kf5 Rc5+ 68. Kg4 Rc4+ 69. Kh5 Rc7 70. Rg6+ Kh7 71. Rh6+ Kg7 72. Rd6 Ra7 73. g6 Ra5+ 74. Kg4 Rc5 75. Kf4 Ra5 76. Ke4 Rb5 77. Kf4 Ra5 78. Ke4 Rb5 79. Kf4 Ra5 1/2-1/2

[Event "GER-chT Christmas U16 Steinitz"]
[Site "Playchess.com INT"]
[Date "2020.12.28"]
[Round "7.1"]
[White "Tovmasyan, Minas"]
[Black "Mehlhorn, David"]
[Result "0-1"]
[WhiteElo "1771"]
[BlackElo "1557"]
[PlyCount "50"]
[EventDate "2020.12.28"]
[EventType "team-swiss (blitz)"]
[EventRounds "7"]
[EventCountry "GER"]
[SourceTitle "CBM 200 Extra"]
[Source "ChessBase"]
[SourceDate "2021.03.31"]
[SourceVersion "1"]
[SourceVersionDate "2021.03.31"]
[SourceQuality "1"]
[WhiteTeam "Rostock Makkabi"]
[BlackTeam "Aschheim/Feldkirchen/Kirchheim"]
[WhiteTeamCountry "GER"]
[BlackTeamCountry "GER"]

1. d4 c5 2. d5 Nf6 3. c4 e6 4. Nc3 exd5 5. cxd5 d6 6. Nf3 g6 7. Nd2 Bg7 8. e4 Bg4 9. f3 Bd7 10. Be2 Nh5 11. g3 Bh3 12. Nc4 a6 13. a4 0-0 14. Be3 Nd7 15. Nxd6 Bxc3+ 16. bxc3 Qf6 17. Nc4 Qxc3+ 18. Kf2 f5 19. f4 Nhf6 20. e5 Ne4+ 21. Kg1 b5 22. Ra3 Qb4 23. Rb3 Nc3 24. Qc2 Nxe2+ 25. Kf2 Qxc4 0-1

[Event "GER-chT Christmas U16 Steinitz"]
[Site "Playchess.com INT"]
[Date "2020.12.28"]
[Round "5.1"]
[White "Werner, Rosalie"]
[Black "Mehlhorn, David"]
[Result "0-1"]
[WhiteElo "1751"]
[BlackElo "1557"]
[PlyCount "110"]
[EventDate "2020.12.28"]
[EventType "team-swiss (blitz)"]
[EventRounds "7"]
[EventCountry "GER"]
[SourceTitle "CBM 200 Extra"]
[Source "ChessBase"]
[SourceDate "2021.03.31"]
[SourceVersion "1"]
[SourceVersionDate "2021.03.31"]
[SourceQuality "1"]
[WhiteTeam "Offenbach"]
[BlackTeam "Aschheim/Feldkirchen/Kirchheim"]
[WhiteTeamCountry "GER"]
[BlackTeamCountry "GER"]

1. e4 c5 2. Nf3 Nc6 3. d4 cxd4 4. Nxd4 e5 5. Nb5 a6 6. Nd6+ Bxd6 7. Qxd6 Qe7 8. Qd1 d6 9. Nc3 Nf6 10. Be2 Be6 11. Be3 0-0 12. 0-0 Rac8 13. Bf3 Qd8 14. a4 h6 15. Re1 Ne7 16. a5 Qc7 17. Bb6 Qc6 18. Qd2 Nd7 19. Rad1 Nxb6 20. axb6 Qxb6 21. Qxd6 Qxb2 22. Qxe7 Qxc3 23. Qxb7 Bc4 24. Qb1 Bb5 25. Be2 Ba4 26. Bxa6 Bxc2 27. Qa1 Bxd1 28. Qxd1 Rcd8 29. Qe2 Rd2 30. Qf1 Ra8 31. Bb7 Raa2 32. Bd5 Rab2 33. h3 Qd4 34. Re3 Rd1 35. Re1 Rbb1 36. Kh2 Rxe1 37. Qa6 Qxf2 38. Qc8+ Kh7 39. Qf5+ Qxf5 40. exf5 f6 41. Be6 Rf1 42. Kg3 Rb6 43. Bd5 Rxf5 44. Be4 Kg6 45. h4 h5 46. Kh2 Rb4 47. Bc2 Rxh4+ 48. Kg3 Rg4+ 49. Kh3 Kg5 50. g3 Rf3 51. Bf5 Rxf5 52. Kh2 Rf3 53. Kg2 Rfxg3+ 54. Kh2 e4 55. Kh1 Rh4# 0-1